000 00255nam a2200097Ia 4500
001 1229447
005 20250827093101.0
008 250824s9999 xx 000 0 und d
245 0 _aGİZEMLİ ADA
_cTONY ABBOTT
260 _bALTIN KİTAPLAR
999 _c1229447
_d1229447